书目信息 |
| 题名: |
家居保洁业经营诀窍
|
|
| 作者: | 贝塞, 著 ;胡玲 译 | |
| 分册: | ||
| 出版信息: | 北京 劳动人事出版社 2004.03 |
|
| 页数: | 154页 | |
| 开本: | 21cm | |
| 丛书名: | 自主创业指南 | |
| 单 册: | ||
| 中图分类: | F719.9 | |
| 科图分类: | ||
| 主题词: | 住宅--zhu zhai--清洁卫生--服务业--经济管理 | |
| 电子资源: | ||
| ISBN: | 7-5045-4159-1 | |
| 000 | 01063nam 2200265 450 | |
| 001 | 0154179386 | |
| 005 | 20050820013019.35 | |
| 010 | @a7-5045-4159-1@dCNY15.00 | |
| 100 | @a20050530d2004 km y0chiy0120 ea | |
| 101 | 1 | @achi@ceng |
| 102 | @aCN@b110000 | |
| 105 | @aa z 000yy | |
| 200 | 1 | @a家居保洁业经营诀窍@Ajia ju bao jie ye jing ying jue qiao@d= Start and run a profitable home cleaning business@d= Susan Bewsey@f苏珊·贝塞著@Fsu shan·bei sai zhu@g胡玲译@Ghu ling yi@zeng |
| 210 | @a北京@c劳动人事出版社@d2004.03 | |
| 215 | @a154页@c图@d21cm | |
| 225 | 2 | @a自主创业指南@Azi zhu chuang ye zhi nan |
| 330 | @a本书论述了住宅清洁服务业经营的准备工作、如何做好组织工作、市场营销、如何为服务定价及员工的培训等内容。 | |
| 410 | 0 | @12001 @a自主创业指南 |
| 510 | 1 | @aStart and run a profitable home cleaning business@zeng |
| 606 | 0 | @a住宅@Azhu zhai@x清洁卫生@x服务业@x经济管理 |
| 690 | @aF719.9@v4 | |
| 701 | 1 | @a贝塞,@Abei sai,@bS.@g(Bewsey, Susan)@4著 |
| 702 | 0 | @a胡玲@Ahu ling@4译 |
| 801 | 0 | @aCN@bQSSK@c20050820 |
| 905 | @a10447@dF719.9@eB690 | |
| 家居保洁业经营诀窍= Start and run a profitable home cleaning business= Susan Bewsey/苏珊·贝塞著/胡玲译.-北京:劳动人事出版社,2004.03 |
| 154页:图;21cm.-(自主创业指南) |
| ISBN 7-5045-4159-1:CNY15.00 |
| 本书论述了住宅清洁服务业经营的准备工作、如何做好组织工作、市场营销、如何为服务定价及员工的培训等内容。 |
| ● |
| 相关链接 |
|
|
|
正题名:家居保洁业经营诀窍
索取号:F719.9/B690
 
预约/预借
| 序号 | 登录号 | 条形码 | 馆藏地/架位号 | 状态 | 备注 |
| 1 | 564560 | 205645603 | 社科库409/409社科库 46排7列4层/ [索取号:F719.9/B690] | 在馆 | |
| 2 | 564561 | 205645612 | 社科库409/409社科库 46排7列4层/ [索取号:F719.9/B690] | 在馆 | |
| 3 | 564562 | 205645621 | 社科库409/409社科库 46排7列4层/ [索取号:F719.9/B690] | 在馆 |